[Event "Bogota Lat Cup"]
[Site "Bogota"]
[Date "1992.??.??"]
[Round "1"]
[White "Bermudez, Sergio"]
[Black "Toth, Christian Endre"]
[Result "0-1"]
[WhiteElo "2230"]
[BlackElo "2380"]

1.d4 Nf6 2.Bg5 e6 3.Nf3 h6 4.Bh4 c5 5.c3 d5 6.e3 Be7 7.Nbd2 Nc6 8.Bd3 b6
9.Ne5 Nxe5 10.dxe5 Nd7 11.Bg3 Qc7 12.Nf3 Bb7 13.Bb5 O-O-O 14.Qe2 g5 15.a4 h5
16.h4 g4 17.Bxd7+ Qxd7 18.Ng5 Bxg5 19.hxg5 d4 20.cxd4 cxd4 21.exd4 Bxg2 22.Rg1 Bf3
23.Qc4+ Kb8 24.Kd2 h4 25.Bh2 Qxd4+ 26.Qxd4 Rxd4+ 27.Kc3 Rhd8 28.b3 Rd2 29.Rgc1 a5
30.Rc2 R8d3+ 31.Kb2 Bd5 32.Ra3 Rxc2+ 33.Kxc2 Rf3 34.Bg1 Kb7 35.Kd2 Rf5 36.b4 axb4
37.Re3 Rxg5 38.Bh2 Rf5 39.Ke2 b3 40.Kf1 b2 41.Re1 g3 42.Bg1  0-1

[Event "SWE-chB"]
[Site "Borlange"]
[Date "1992.??.??"]
[Round "8"]
[White "Eriksson, Jorgen"]
[Black "Jonsson, Hans"]
[Result "0-1"]
[WhiteElo "2220"]
[BlackElo "2305"]

1.d4 Nf6 2.Bg5 e6 3.e4 h6 4.Bxf6 Qxf6 5.Nf3 g6 6.Nc3 Qe7 7.Qd2 Bg7 8.O-O-O a6
9.h4 b5 10.e5 Bb7 11.Bd3 Nc6 12.Ne4 Nb4 13.Kb1 Nxd3 14.Qxd3 d6 15.Qe3 Rd8
16.Qf4 Bxe4 17.Qxe4 O-O 18.h5 g5 19.Nh2 c5 20.Ng4 cxd4 21.Rxd4 dxe5 22.Rxd8 Rxd8
23.Qe2 e4 24.Rd1 f5 25.Ne3 Rxd1+ 26.Nxd1 Qd6 27.Nc3 Qd4 28.a4 Qb4 29.Kc1 Bxc3
30.bxc3 Qxc3 31.axb5 Qa1+ 32.Kd2 Qa5+ 33.Kc1 axb5 34.Qe3 Qd8 35.Qc5 Qe8 36.Qe5 Qxh5
37.Qxb5 Qf7 38.c4 f4 39.c5 e3 40.fxe3 fxe3 41.c6 Qf4 42.g3 Qd6 43.Kb2 e2
44.Qxe2 Qxc6 45.Qe5 Kf7 46.Kb1 Kg6 47.Ka1 Qd5 48.Qh8 e5 49.g4 Qe6 50.Kb2 e4
51.Kc2 e3 52.Kd1  0-1

[Event "SWE-chB"]
[Site "Borlange"]
[Date "1992.??.??"]
[Round "13"]
[White "Engstrom, Kaj"]
[Black "Jonsson, Hans"]
[Result "1/2-1/2"]
[WhiteElo "2260"]
[BlackElo "2305"]

1.d4 Nf6 2.Bg5 e6 3.e4 h6 4.Bxf6 Qxf6 5.Nf3 g6 6.Bd3 Bg7 7.Nbd2 Qe7 8.e5 d6
9.Qe2 Nd7 10.O-O O-O 11.Rfe1 b6 12.Qe4 Rb8 13.Qf4 dxe5  1/2-1/2

[Event "Spring op"]
[Site "Budapest"]
[Date "1992.??.??"]
[Round "?"]
[White "Gerer, Josef"]
[Black "Mandl, Robert"]
[Result "1/2-1/2"]
[WhiteElo "2245"]
[BlackElo "2415"]

1.d4 Nf6 2.Bg5 e6 3.Nd2 c5 4.e3 Nc6 5.Ngf3 d5 6.c3 h6 7.Bh4 Bd7 8.Bd3 cxd4
9.exd4 Be7 10.O-O Nh5 11.Bxe7 Qxe7 12.Re1 Nf4 13.Bf1 g5 14.Nb3 g4 15.Ne5 Nxe5
16.dxe5 h5 17.Qd2 Ng6 18.Qe3 h4 19.a4 Rh5 20.Bb5 Nxe5 21.Nc5 Bxb5 22.axb5 h3
23.Nd3 Nxd3 24.Qxd3 hxg2 25.Qg3 Kd7 26.b6 Qd6 27.bxa7 Qxg3 28.fxg3 b6 29.Kxg2 Kc6
30.Ra4 Rg5 31.h4 gxh3+ 32.Kxh3 Kb7 33.Rea1 Rh8+ 34.Kg2 Ka8 35.Rb4 Rhg8 36.Rxb6 Rxg3+
37.Kf2 Rg2+ 38.Kf3 Rd2 39.Ke3 Rh2 40.Kd4 Rc8 41.Ke5 Rhh8 42.Kd6 d4  1/2-1/2

[Event "Buehl rapid"]
[Site "Buehl"]
[Date "1992.??.??"]
[Round "7"]
[White "Gerstner, Wolfgang"]
[Black "Bischoff, Klaus"]
[Result "0-1"]
[WhiteElo "2405"]
[BlackElo "2495"]

1.d4 Nf6 2.Bg5 e6 3.e3 h6 4.Bh4 b6 5.Qf3 Nc6 6.Bxf6 Qxf6 7.Qxf6 gxf6 8.c3 Bb7
9.Be2 f5 10.Bf3 d5 11.Nd2 Ne7 12.Ne2 Ng8 13.c4 c6 14.Rc1 Bd6 15.Nc3 Nf6 16.cxd5 cxd5
17.Nb5 Ke7 18.Nxd6 Kxd6 19.Nc4+ dxc4 20.Bxb7 Rab8 21.Bf3 Rhc8 22.Kd2 b5 23.Rc2 Nd5
24.Bxd5 exd5 25.a3 a5 26.Re1 Ra8 27.a4 b4 28.Rec1 h5 29.Ke2 Rg8 30.Kf3 Rae8
31.g3 Re4 32.h4 Ke6 33.b3 c3 34.Rh1 Kf6 35.Rcc1 Re6 36.Rc2 Ree8 37.Rcc1 Rg4
38.Rc2 f4 39.gxf4 Kf5 40.Rcc1 Reg8  0-1

[Event "Wch U20"]
[Site "Buenos Aires"]
[Date "1992.??.??"]
[Round "?"]
[White "Danielian, Oganes"]
[Black "Silva, Sebastain"]
[Result "1/2-1/2"]
[WhiteElo "2460"]
[BlackElo "2380"]

1.d4 Nf6 2.Bg5 e6 3.e4 h6 4.Bxf6 Qxf6 5.Nf3 d6 6.Nc3 Nd7 7.h4 g6 8.Bd3 Bg7
9.h5 g5 10.O-O c6 11.Re1 e5 12.d5 Qe7 13.Nh2 Nf6 14.Nf1 O-O 15.Ne3 Ne8 16.Be2 f5
17.Nxf5 Bxf5 18.exf5 Rxf5 19.Ne4 Rf4 20.Bf3 Rd8 21.c4 Kh8 22.g3 Rf8 23.Rc1 Nf6
24.Rc2 Qc7 25.Rd2 cxd5 26.Nxf6 Rxf6 27.Bxd5 Bf8 28.Re3 Be7 29.Rb3 b6 30.Rf3 Rdf8
31.Rxf6 Rxf6 32.Qe2 Bd8 33.Rd3 Qd7 34.Rf3 Qg4 35.Qd3 Rxf3 36.Bxf3 Qe6 37.Bd5 Qf6
38.Kg2 b5 39.cxb5 Bb6 40.Qe2 g4 41.Qc2 Kg7 42.b4 Qg5 43.Qc8 Qxh5 44.Qg8+ Kf6
45.Qe6+ Kg5 46.Qe7+ Kf5 47.Qe6+ Kg5 48.Qe7+ Kf5 49.Kf1 Qg6 50.a4 Qf6 51.Qe6+ Kg5
52.Qg8+ Qg6 53.a5 Qxg8 54.Bxg8  1/2-1/2

[Event "Buenos Aires Najdorf qual"]
[Site "Buenos Aires"]
[Date "1992.??.??"]
[Round "2"]
[White "Tempone, Marcelo"]
[Black "Anelli, Antonio"]
[Result "1/2-1/2"]
[WhiteElo "2455"]
[BlackElo "2300"]

1.d4 Nf6 2.Bg5 e6 3.e4 h6 4.Bxf6 Qxf6 5.e5 Qd8 6.f4 d6 7.Nf3 dxe5 8.Nxe5 Nd7
9.Bd3 Nxe5 10.fxe5 c5 11.O-O Qxd4+ 12.Kh1 Bd7 13.Qf3 O-O-O 14.Be4 Qxe5 15.Bxb7+ Kc7
16.Nd2  1/2-1/2

[Event "FMDA tt"]
[Site "Buenos Aires"]
[Date "1992.??.??"]
[Round "8"]
[White "Reides, Marcelo"]
[Black "Valerga, Diego"]
[Result "0-1"]
[WhiteElo "2305"]
[BlackElo "2325"]

1.d4 Nf6 2.Bg5 e6 3.Nc3 h6 4.Bf4 Bb4 5.a3 Bxc3+ 6.bxc3 b6 7.Nf3 Bb7 8.e3 d6
9.Bd3 Nbd7 10.O-O Nd5 11.c4 Nxf4 12.exf4 Qf6 13.f5 O-O 14.fxe6 fxe6 15.Be2 e5
16.c3 Rae8 17.Ra2 Re7 18.Rb2 Bc6 19.dxe5 dxe5 20.Qd2 Nc5 21.Qe3 Rd8 22.Rd1 Rxd1+
23.Bxd1 Rd7 24.Be2 Bxf3 25.Bxf3 Rd3 26.Qe2 Qf4 27.Rb1 e4 28.Bh5 Rxc3 29.g3 Qd6
30.Qg4 Qd7 31.Qg6 Rd3 32.Bg4 Rd6 33.Bxd7 Rxg6 34.Bf5 Rf6 35.Bg4 g6 36.Rd1 Rd6
37.Rxd6 cxd6 38.f4 exf3 39.Bxf3 Kf7 40.Kf2 Kf6 41.Ke3 Ke5 42.Bg2 Nb3 43.Bb7 Nd4
44.Be4 g5 45.Bg6 b5 46.cxb5 Nxb5 47.Kf3 Nxa3 48.Kg4 Kf6 49.Bd3 a5 50.Kh5 Kg7
51.Kg4 d5 52.Kf5 Nc4 53.Ke6 Ne3 54.Bb5 d4 55.Ke5 Ng4+ 56.Kxd4 Nxh2 57.Ke5 Ng4+
58.Kf5 Ne3+ 59.Ke4 Nd1 60.Kd4 Kf6 61.Ba4 Nf2 62.Ke3 Ng4+ 63.Ke4 Ne5 64.Be8 Ke6
65.Ba4 Nd7 66.Bb3+ Kf6 67.Kd4 Kf5 68.g4+ Kf4 69.Be6 Nf6 70.Kd3 Nxg4  0-1

[Event "Candas op"]
[Site "Candas"]
[Date "1992.??.??"]
[Round "5"]
[White "Hodgson, Julian M"]
[Black "Veingold, Aleksandr"]
[Result "1-0"]
[WhiteElo "2545"]
[BlackElo "2465"]

1.d4 Nf6 2.Bg5 e6 3.e4 h6 4.Bxf6 Qxf6 5.Nf3 d6 6.Nc3 Qd8 7.Qd2 g6 8.h4 Bg7
9.O-O-O Nc6 10.d5 Ne7 11.dxe6 Bxe6 12.Nd4 Bd7 13.f4 Nc6 14.Nf3 Bg4 15.Nd5 Ne7
16.Ne3 Bxf3 17.gxf3 Qd7 18.h5 Qe6 19.Bb5+ Kf8 20.Kb1 Qf6 21.Nc4 Kg8 22.hxg6 Nxg6
23.f5 Ne5 24.Ne3 c6 25.Be2 Nxf3 26.Qb4 a5 27.Qxb7 Kh7 28.Ng4 Qg5 29.Nxh6 Rhb8
30.Nxf7+ Kg8 31.Qxa8 Qd8 32.Nxd8  1-0

[Event "Cannes op"]
[Site "Cannes"]
[Date "1992.??.??"]
[Round "?"]
[White "Legky, Nikolay A"]
[Black "Mednis, Edmar John"]
[Result "0-1"]
[WhiteElo "2445"]
[BlackElo "2460"]

1.d4 Nf6 2.Bg5 e6 3.e4 h6 4.Bxf6 Qxf6 5.Nf3 d6 6.Nc3 Nd7 7.Qd2 c6 8.O-O-O Be7
9.h4 e5 10.Kb1 Nb6 11.Be2 O-O 12.Qe3 Bg4 13.dxe5 dxe5 14.Nd2 Be6 15.g3 Bb4
16.Rhf1 Rfd8 17.f3 Qe7 18.f4 Bh3 19.Rfe1 exf4 20.gxf4 Be6 21.Qg3 f6 22.Rg1 Kh8
23.a3 Bc5 24.Rg2 Bd4 25.Kc1 Rd7 26.Ncb1 Na4 27.c3 Bb6 28.Bd3 Rad8 29.Bc2 Nc5
30.Rf1 Nd3+ 31.Bxd3 Rxd3 32.Rf3 Rxf3 33.Qxf3 Bg8 34.f5 Qc5 35.Nf1 a5 36.Nbd2 a4
37.Kc2 Qb5 38.Qe2 Qxe2 39.Rxe2 Re8 40.Nh2 Bf7 41.Nhf3 Bc7 42.Rg2 Kg8 43.Nd4 Bf4
44.Rg4 Bb8 45.Ne2 Bh5 46.Rg2 Bf7 47.c4 Be5 48.Nc3 Ra8 49.Nf3 Bf4 50.e5 fxe5
51.f6 g6 52.Ne4 Rd8 53.Nc5 b5 54.Nd3 Rxd3 55.Kxd3 Bxc4+ 56.Kc3 Bd5 57.Rf2 Kf7
58.Ne1 Kxf6 59.Ng2 g5 60.hxg5+ hxg5 61.Kd3 Be6 62.Ne3 Bf7 63.Ng2 Bg6+ 64.Ke2 Kf5
65.Rf1 Bf7 66.Kf2 g4 67.Ne3+ Kg5 68.Re1 Be6 69.Ke2 e4 70.Rc1 Bc4+ 71.Kd2 g3
72.Rg1 Bd3 73.Rg2 c5 74.Rg1 b4 75.Rg2 bxa3 76.bxa3 c4 77.Rg1 Kf6 78.Rg2 Ke5
79.Rg1 Kd4 80.Rxg3 Bxe3+  0-1

[Event "JUG-chT"]
[Site "Cetinje"]
[Date "1992.??.??"]
[Round "?"]
[White "Djukic, Zeljko"]
[Black "Rajkovic, Dusan"]
[Result "1/2-1/2"]
[WhiteElo "2395"]
[BlackElo "2450"]

1.d4 Nf6 2.Bg5 e6 3.e3 c5 4.c3 cxd4 5.exd4 Be7 6.Nf3 b6 7.Bd3 Bb7 8.O-O O-O
9.Re1 d6 10.Nbd2 Nbd7 11.a4 Rb8 12.Qe2 Bc6  1/2-1/2

[Event "Forli op"]
[Site "Forli"]
[Date "1992.??.??"]
[Round "8"]
[White "Fries Nielsen, Jens Ove"]
[Black "Thorhallsson, Throstur"]
[Result "1/2-1/2"]
[WhiteElo "2385"]
[BlackElo "2445"]

1.d4 Nf6 2.Bg5 e6 3.e4 h6 4.Bxf6 Qxf6 5.Nf3 c5 6.e5 Qd8 7.d5 d6 8.Bb5+ Bd7
9.Bxd7+ Qxd7 10.Nc3 exd5 11.Qxd5 Nc6 12.O-O-O O-O-O 13.Qe4 g5 14.h3 Qe6 15.exd6 Qxe4
16.Nxe4 b6 17.g4 Bg7 18.c3 Ne5 19.Nxe5 Bxe5 20.Rd5 Rhe8 21.Kc2 Kd7 22.h4  1/2-1/2

[Event "BL2-O9192"]
[Site "Germany"]
[Date "1992.??.??"]
[Round "?"]
[White "Lorenz, Gerd"]
[Black "Pezerovic, Edin"]
[Result "0-1"]
[WhiteElo "2240"]
[BlackElo "2335"]

1.d4 Nf6 2.Bg5 e6 3.Nd2 c5 4.e3 Nc6 5.c3 b6 6.Ngf3 Be7 7.Bd3 O-O 8.Qe2 Bb7
9.O-O Nd5 10.Bxe7 Qxe7 11.dxc5 bxc5 12.Rfd1 Rab8 13.Rac1 f5 14.Nc4 Nf6 15.Qc2 d5
16.Nce5 c4 17.Nxc6 Bxc6 18.Be2 Ne4 19.Nd4 Bd7 20.f4 g5 21.b3 gxf4 22.exf4 e5
23.fxe5 Qg5 24.Bf3 Qe3+ 25.Kf1 cxb3 26.axb3 Rb6 27.Qe2 Qf4 28.g3 Qxe5 29.Qg2 Rg6
30.Ne2 f4 31.Nxf4 Rxf4 32.gxf4 Qxf4 33.Rc2 Rxg2 34.Rxg2+ Kh8  0-1

[Event "Groningen op"]
[Site "Groningen"]
[Date "1992.??.??"]
[Round "9"]
[White "Pomes Marcet, Juan"]
[Black "Anastasian, Ashot"]
[Result "0-1"]
[WhiteElo "2400"]
[BlackElo "2490"]

1.d4 Nf6 2.Bg5 e6 3.e4 h6 4.Bxf6 Qxf6 5.Nf3 d6 6.Nc3 Nd7 7.Qd2 a6 8.a4 g6
9.Bc4 Bg7 10.O-O O-O 11.Rfe1 b6 12.Rad1 Qe7 13.h4 Bb7 14.Qe3 c5 15.d5 e5
16.h5 Nf6 17.hxg6 fxg6 18.Nh4 Qf7 19.Be2 Bc8 20.Qg3 Kh7 21.Rd2 Bd7 22.Bf3 h5
23.Qh2 Bh6 24.Rde2 g5 25.Nf5 g4 26.Nxd6 Qg6 27.Nf5 gxf3 28.Nh4 Qg7 29.Nxf3 Ng4
30.Qg3 Rf6 31.Kh1 Rg8 32.Rg1 Rf4 33.d6 Qf7 34.Rf1 h4  0-1

[Event "Holguin"]
[Site "Holguin"]
[Date "1992.??.??"]
[Round "?"]
[White "Paneque, Pedro"]
[Black "Ponce, Hiram"]
[Result "0-1"]
[WhiteElo "2375"]
[BlackElo "2280"]

1.d4 Nf6 2.Bg5 e6 3.e4 h6 4.Bxf6 Qxf6 5.Nf3 d6 6.Nc3 Nd7 7.Qd2 a6 8.O-O-O g6
9.e5 Qe7 10.exd6 cxd6 11.h4 Bg7 12.h5 g5 13.Ng1 Nf6 14.g3 b5 15.Bg2 Bb7 16.f3 O-O
17.Ne4 Nd5 18.Ne2 b4 19.f4 f5 20.Nf2 g4 21.Rhg1 a5 22.Kb1 Rfc8 23.Ka1 Rc4
24.Rc1 Nf6 25.Bxb7 Qxb7 26.Nd1 a4 27.Ne3 Rc7 28.c4 a3 29.b3 Rb8 30.Qd3 Qe4
31.Qxe4 Nxe4 32.Kb1 Rf7 33.Rcd1 Kf8 34.Rgf1 Nf6 35.d5 Nxh5 36.dxe6 Rf6 37.Rxd6 Re8
38.Kc2 Rfxe6 39.Rxe6 Rxe6 40.Kd3 Rd6+ 41.Kc2 Re6 42.Kd2 Rd6+ 43.Nd5 Nf6 44.Rd1 Nxd5
45.Ke1 Ke7 46.cxd5 Rd8 47.Rc1 Rxd5 48.Rc4 Rd3 49.Rxb4 Bc3+ 50.Nxc3 Rxc3 51.Ra4 Rxg3
52.Rxa3 h5 53.Ra7+ Ke6 54.Rh7 Rh3 55.Kf2 h4 56.Kg2 Kd5 57.b4 Ke4 58.b5 Kxf4
59.Rc7 Rd3 60.Rc2 h3+ 61.Kh2 Kg5 62.a4 Kh4  0-1

[Event "HUN-chT"]
[Site "HUN"]
[Date "1992.??.??"]
[Round "3"]
[White "Sugar, Karoly"]
[Black "Horvath, Csaba"]
[Result "0-1"]
[WhiteElo "2205"]
[BlackElo "2485"]

1.d4 Nf6 2.Bg5 e6 3.e4 h6 4.Bxf6 Qxf6 5.Nf3 d6 6.Nc3 a6 7.Qd2 Nc6 8.O-O-O Bd7
9.Qe3 g5 10.h4 g4 11.e5 Qg7 12.Ne4 gxf3 13.Nf6+ Kd8 14.gxf3 Be7 15.Nh5 Qg6
16.Nf4 Qg8 17.Bd3 Nb4 18.Rdg1 Qf8 19.Bc4 d5 20.Bb3 c5 21.dxc5 Bxc5 22.Qd2 a5
23.c3 a4 24.Bc4 dxc4 25.Rd1 Nd3+ 26.Nxd3 cxd3 27.Qxd3 Qe7 28.Qb5 Ke8  0-1

[Event "HUN-chT"]
[Site "HUN"]
[Date "1992.??.??"]
[Round "6"]
[White "Brandics, Jozsef"]
[Black "Varnusz, Egon"]
[Result "1/2-1/2"]
[WhiteElo "2335"]
[BlackElo "2355"]

1.d4 Nf6 2.Bg5 e6 3.Nd2 h6 4.Bf4 Bd6 5.Bxd6 cxd6 6.c3 d5 7.Qc2 b6 8.e4 dxe4
9.Nxe4 O-O 10.Nd6 Ba6  1/2-1/2

[Event "Karvina op"]
[Site "Karvina"]
[Date "1992.??.??"]
[Round "8"]
[White "Rawski, Slawomir"]
[Black "Velicka, Petr"]
[Result "0-1"]
[WhiteElo "2300"]
[BlackElo "2400"]

1.d4 Nf6 2.Bg5 e6 3.e4 c5 4.e5 h6 5.Bh4 g5 6.Bg3 Ne4 7.d5 Bg7 8.Qf3 Qb6 9.Nc3 Qxb2
10.Nxe4 Qxa1+ 11.Kd2 Bxe5 12.Nd6+ Ke7 13.Bxe5 Qxe5 14.Nxf7 Qd4+ 15.Bd3 Rf8
16.d6+ Ke8 17.Qh5 Rxf7 18.Nf3 Qxd6 19.h4 c4 20.hxg5 Qf4+ 21.Kd1 cxd3 22.gxh6 dxc2+
23.Kxc2 Qf5+ 24.Qxf5 exf5 25.Ng5 Rf8 26.Re1+ Kd8 27.h7 Nc6 28.Nf7+ Kc7 29.h8=Q Rxh8
30.Nxh8 b6 31.Re8 Bb7 32.Rxa8 Bxa8 33.g3 Kd6 34.Ng6 Nb4+ 35.Kb3 Nd3 36.Nh4 Ke6
37.f3 Ne1 38.g4 f4 39.Ng6 Ng2 40.Nf8+ Ke7 41.Ng6+ Kf6 42.Nf8 Bc6  0-1

[Event "ARG-ch sf2"]
[Site "La Plata"]
[Date "1992.??.??"]
[Round "?"]
[White "Mendez, Ernesto"]
[Black "Servat, Roberto"]
[Result "1/2-1/2"]
[WhiteElo "2345"]
[BlackElo "2395"]

1.d4 Nf6 2.Bg5 e6 3.Nf3 c5 4.e3 d5 5.Nbd2 Nbd7 6.Bd3 Be7 7.O-O b6 8.c3 Bb7
9.Ne5 Nxe5 10.dxe5 Nd7 11.Bxe7 Qxe7 12.f4 O-O 13.Qh5 f5 14.exf6 Nxf6 15.Qh4 Rae8
16.Nf3 g6 17.Bb5 Rd8 18.Rad1 a6 19.Ba4 b5 20.Bc2 Rfe8 21.a4 c4 22.axb5 axb5
23.Ra1  1/2-1/2

[Event "Linares NL"]
[Site "Linares"]
[Date "1992.??.??"]
[Round "?"]
[White "Arencibia, Walter"]
[Black "Hernandez, Gilberto"]
[Result "1-0"]
[WhiteElo "2535"]
[BlackElo "2480"]

1.d4 Nf6 2.Bg5 e6 3.e4 h6 4.Bxf6 Qxf6 5.Nf3 b6 6.Bd3 Bb7 7.Nbd2 Nc6 8.c3 g5
9.e5 Qe7 10.Ne4 Bg7 11.Qe2 O-O-O 12.Ba6 d5 13.Nc5 bxc5 14.Bxb7+ Kxb7 15.Qb5+ Kc8
16.Qxc6 Qe8 17.Qa6+ Kb8 18.dxc5 Ka8 19.Nd4 Rb8 20.Nc6 Rb7 21.Rd1 Bf8 22.b4 Bg7
23.O-O f6 24.c4 fxe5 25.Rd3  1-0

[Event "Lloyds Bank op"]
[Site "London"]
[Date "1992.??.??"]
[Round "?"]
[White "Hodgson, Julian M"]
[Black "Gluckman, David"]
[Result "1-0"]
[WhiteElo "2535"]
[BlackElo "2330"]

1.d4 Nf6 2.Bg5 e6 3.e4 Be7 4.Nc3 Nxe4 5.Bxe7 Nxc3 6.Bxd8 Nxd1 7.Bxc7 Nxb2
8.Bd6 Na4 9.c4 Nc6 10.Nf3 Ne7 11.Bd3 Nb2 12.Be2 Nf5 13.Ba3 Na4 14.Kd2 Nb6
15.Rab1 f6 16.g4 Ne7 17.Bd6 Nc6 18.Rb5 Nd8 19.Ra5 h5 20.Rg1 Nc6 21.Ra3 hxg4
22.Rxg4 Kf7 23.Bc7 Nxc4+ 24.Bxc4 d5 25.Bb3 b5 26.Rg1 a5 27.Bc2 g5 28.Bd6 Bd7
29.h4 b4 30.Re3 a4 31.hxg5 Na5 32.Bd3 b3 33.gxf6  1-0

[Event "Manila ol (Men)"]
[Site "Manila"]
[Date "1992.??.??"]
[Round "?"]
[White "Fernandez, A."]
[Black "Small, Vernon A"]
[Result "1-0"]
[WhiteElo "2325"]
[BlackElo "2390"]

1.d4 Nf6 2.Bg5 e6 3.e4 h6 4.Bxf6 Qxf6 5.Nf3 d6 6.Nc3 g6 7.Qd2 Bg7 8.e5 Qe7
9.O-O-O d5 10.h4 h5 11.Ng5 b6 12.Rh3 Bh6 13.Kb1 c6 14.Rf3 Bxg5 15.hxg5 Ba6
16.Qf4 Rh7 17.Rh3 Bxf1 18.Rxf1 Nd7 19.g4 O-O-O 20.gxh5 gxh5 21.Qd2 Rdh8 22.f4 Kb7
23.Rfh1 Nf8 24.Nd1 Ng6 25.Nf2 h4 26.Ng4 Rc8 27.Nh6 Rch8 28.Qf2 c5 29.c3 Rc8
30.Rg1 cxd4 31.cxd4 Rc6 32.f5 exf5 33.Nxf5 Qd7 34.Rgh1 Ka8 35.a3 Rh5 36.Rg1 Rh8
37.Qf3 Rhc8 38.Nd6 R8c7 39.Nb5 Rc8 40.Nd6 R8c7 41.Rf1 Rxd6 42.exd6 Qxd6 43.Qf5 Kb7
44.Re3 a5 45.Ref3  1-0

[Event "Manila ol (Women)"]
[Site "Manila"]
[Date "1992.??.??"]
[Round "?"]
[White "Agababian, Naira"]
[Black "Vilar Lopez, Monica"]
[Result "1-0"]
[WhiteElo "2125"]
[BlackElo "2230"]

1.d4 Nf6 2.Bg5 e6 3.e4 Be7 4.Bxf6 Bxf6 5.e5 Be7 6.Bd3 O-O 7.Nd2 d5 8.f4 c5
9.dxc5 Bxc5 10.Qh5 g6 11.Qh6 Re8 12.Ngf3 Bf8 13.Qh3 f6 14.Qg3 Nc6 15.O-O Nb4
16.Bxg6 hxg6 17.Qxg6+ Bg7 18.exf6 Re7 19.fxe7 Qxe7 20.Ne5 b6 21.c3 Na6 22.Rf3 Bb7
23.Rh3 Kf8 24.Ndf3 Nc5 25.Ng5  1-0

[Event "Mesa op"]
[Site "Mesa"]
[Date "1992.??.??"]
[Round "?"]
[White "Romero Holmes, Alfonso"]
[Black "Menvielle Lacourrelle, Augusto"]
[Result "1-0"]
[WhiteElo "2490"]
[BlackElo "2355"]

1.d4 Nf6 2.Bg5 e6 3.e4 d6 4.Nc3 h6 5.Bh4 Nbd7 6.Nf3 g5 7.Bg3 Nh5 8.d5 Nxg3
9.hxg3 Bg7 10.Nd4 Qf6 11.Ndb5 Kd8 12.Na3 exd5 13.Qxd5 Nb6 14.Qd2 Qd4 15.Qxd4 Bxd4
16.Nab5 Be5 17.O-O-O Bd7 18.Nd4 Ke7 19.b3 a6 20.a4 Be6 21.Nde2 Nd7 22.f4 Bxc3
23.Nxc3 Nf6 24.Be2 c6 25.Bf3 Rag8 26.Rd4 gxf4 27.gxf4 Rd8 28.a5 Bc8 29.Rh4 Nd7
30.Rd1 Nf8 31.g3 Ne6 32.Ne2 Kf6 33.c3 c5 34.Kc2 Kg7 35.Bg4 Kf6 36.Bf3 Kg7
37.Kd2 Nc7 38.Ke3 Nb5 39.b4 Na7 40.bxc5 dxc5 41.Rxd8 Rxd8 42.Rh5 c4 43.Rc5 Rd3+
44.Kf2 Rd2 45.Rc7 Kf8 46.e5 Ra2 47.Bh5 Be6 48.f5 Bd5 49.Rd7 Rxa5 50.Nf4 Be4
51.Rxf7+ Kg8 52.Ne6  1-0

[Event "Oostende op"]
[Site "Oostende"]
[Date "1992.??.??"]
[Round "4"]
[White "Vanheste, Jeroen"]
[Black "Timmer, Robert"]
[Result "1-0"]
[WhiteElo "2395"]
[BlackElo "2290"]

1.d4 Nf6 2.Bg5 e6 3.e4 h6 4.Bxf6 Qxf6 5.Nf3 b6 6.Bd3 Bb7 7.Nbd2 Qe7 8.c3 d6
9.e5 d5 10.h4 Qd7 11.Qe2 c5 12.a3 c4 13.Bc2 b5 14.h5 a5 15.Nh4 b4 16.f4 Qc6
17.f5 Bc8 18.O-O Be7 19.f6 gxf6 20.exf6 Bf8 21.Ng6 Rg8 22.Ne5 Qb7 23.Bg6  1-0

[Event "Oviedo rapid45"]
[Site "Oviedo"]
[Date "1992.??.??"]
[Round "4"]
[White "Pomes Marcet, Juan"]
[Black "Polugaevsky, Lev"]
[Result "1/2-1/2"]
[WhiteElo "2395"]
[BlackElo "2630"]

1.d4 Nf6 2.Bg5 e6 3.e4 h6 4.Bxf6 Qxf6 5.Nf3 d6 6.Nc3 Nd7 7.Qd2 g6 8.O-O-O Bg7
9.Nb5 Qd8 10.Qc3 Nc5 11.e5 Na6 12.exd6 cxd6 13.Qa3 Bf8 14.h4 Be7 15.Qe3 Qa5
16.Kb1 Bd7 17.Nc3 Rc8 18.Nd2 d5 19.Nb3 Qb6 20.f4 h5 21.Be2 Nb4 22.g4 hxg4
23.Bxg4 a5 24.h5 gxh5 25.f5 exf5 26.Bxh5 Qe6 27.Qxe6 Bxe6 28.Nxa5 b6 29.Nb3 Kd7
30.Bf3 Rxh1  1/2-1/2

[Event "Pamplona"]
[Site "Pamplona"]
[Date "1992.??.??"]
[Round "2"]
[White "De la Villa Garcia, Jesus Maria"]
[Black "Garcia Ilundain, David"]
[Result "1/2-1/2"]
[WhiteElo "2475"]
[BlackElo "2435"]

1.d4 Nf6 2.Bg5 e6 3.e4 h6 4.Bxf6 Qxf6 5.e5 Qd8 6.Nf3 d5 7.Nbd2 c5 8.dxc5 Bxc5
9.Nb3 Bb6 10.Bd3 Nc6 11.c3 Bd7 12.Qe2 O-O 13.O-O f6 14.c4 fxe5  1/2-1/2

[Event "Pila"]
[Site "Pila"]
[Date "1992.??.??"]
[Round "6"]
[White "Meduna, Eduard"]
[Black "Tibensky, Robert"]
[Result "0-1"]
[WhiteElo "2500"]
[BlackElo "2365"]

1.d4 Nf6 2.Bg5 e6 3.e4 h6 4.Bxf6 Qxf6 5.Nf3 d6 6.Nbd2 e5 7.c3 Nc6 8.Bb5 Bd7
9.d5 Nb8 10.Qb3 b6 11.a4 a5 12.O-O Qd8 13.Qc4 Be7 14.b4 O-O 15.bxa5 bxa5
16.Rfb1 c6 17.dxc6 Nxc6 18.Qd3 Rc8 19.Nc4 Be6 20.Rd1 Qc7 21.Ne3 Rfd8 22.Nd5 Bxd5
23.Qxd5 Nb8 24.Rd3 Qa7 25.Nd2 Rc5 26.Qb3 Nd7 27.Bxd7 Qxd7 28.Rd5 Rdc8 29.c4 Bg5
30.Qd3 Bxd2 31.Rxd6 Qb7 32.Qxd2 Qxe4 33.g3 Qxc4 34.h4 Qg4 35.Rd8+ Rxd8 36.Qxd8+ Kh7
37.Qd3+ e4 38.Qd2 Qf5 39.Ra3 Rc4 40.Qe2 Qc5 41.Ra2 Qd4 42.Qh5 g6 43.Qg4 Qd5
44.Qf4 Rd4 45.Ra1 h5 46.Kh2 Rd3 47.Re1 Rd4 48.Ra1 Kg7 49.Kg1 Rd1+ 50.Rxd1 Qxd1+
51.Kg2 Qxa4 52.Qe5+ Kg8 53.g4 e3 54.gxh5 Qg4+ 55.Kf1 e2+ 56.Ke1 Qxh5 57.Qd4 Qb5
58.Qd8+ Kh7 59.Qf6 Qb3  0-1

[Event "BCF-ch"]
[Site "Plymouth"]
[Date "1992.??.??"]
[Round "2"]
[White "Bibby, Simon"]
[Black "Ward, Christopher"]
[Result "1-0"]
[WhiteElo "2285"]
[BlackElo "2440"]

1.d4 Nf6 2.Bg5 e6 3.e4 h6 4.Bxf6 Qxf6 5.Nf3 d6 6.Nc3 Nd7 7.Qd2 c6 8.O-O-O e5
9.dxe5 Nxe5 10.Nd4 Be7 11.f4 Ng6 12.g3 Bd8 13.h4 Ba5 14.Be2 h5 15.Rhe1 Bh3
16.Nf5 d5 17.g4 hxg4 18.Bd3 d4 19.e5 Qd8 20.Nd6+ Kf8 21.Bxg6 dxc3 22.bxc3 fxg6
23.f5 gxf5 24.Qf4 Qe7 25.Nxf5 Qa3+ 26.Kb1 Kg8 27.Rd7 Rh5 28.Rxg7+ Kh8 29.Rg5 Rxg5
30.Qxg5 Qf8 31.Qh5+ Kg8 32.Qg6+ Kh8 33.e6 Bxc3 34.Qh5+ Kg8 35.e7 Qe8 36.Qg5+ Kh8
37.Re6 Qg8 38.Rh6+ Qh7 39.Rxh7+ Kxh7 40.Qh5+ Kg8 41.e8=Q+  1-0

[Event "ROM-ch (Women)"]
[Site "?"]
[Date "1992.??.??"]
[Round "10"]
[White "Ignatescu, Ruxandra"]
[Black "Chiricuta Kantor, Iudita"]
[Result "1-0"]
[WhiteElo "2045"]
[BlackElo "2155"]

1.d4 Nf6 2.Bg5 e6 3.Nf3 h6 4.Bxf6 Qxf6 5.e4 c5 6.e5 Qd8 7.Nc3 Qa5 8.d5 c4
9.Bxc4 Bb4 10.Qd3 exd5 11.Bxd5 Bxc3+ 12.bxc3 Na6 13.O-O Nc5 14.Qc4 O-O 15.Rab1 a6
16.Nh4 Ne6 17.Nf5 Kh8 18.Nd6 Rb8 19.f4 b5 20.Qb4 Qb6+ 21.Kh1 Kg8 22.f5 Nd8
23.Qf4 Bb7 24.c4 Bxd5 25.cxd5 Nb7 26.Nc4 Qc7 27.Ne3 Rbe8 28.Ng4 h5 29.f6 Qc4
30.fxg7 Qxf4 31.gxf8=Q+ Kxf8 32.Rxf4 hxg4 33.Re1 g3 34.hxg3 Ke7 35.a4 Rc8
36.axb5 axb5 37.d6+ Kf8 38.Re2 Nd8 39.g4 Ne6 40.Rb4 Kg7 41.Kg1 Kg6 42.Kf2 Rc5
43.Ke1 Kg5 44.Kd2 Rd5+ 45.Kc1 Rc5 46.Kb2 Kg6 47.Re1 Rd5 48.Re2 Rc5 49.Kb3 Rd5
50.c3 Kg5 51.Kc2 Nd8 52.c4 bxc4 53.Rxc4 Kg6 54.Kc3 Ne6 55.Ra4 Rc5+ 56.Kd2 Rb5
57.Ra7 Nf8 58.Kd3 Rb4 59.Rc2 Rxg4 60.Rc8 Ne6 61.Rxd7 Nf4+ 62.Ke4 Ne6+ 63.Kf3 Rf4+
64.Kg3 Rd4 65.Re7  1-0

[Event "Roses"]
[Site "Roses"]
[Date "1992.??.??"]
[Round "2"]
[White "Pomes Marcet, Juan"]
[Black "Cuadras, Jorge"]
[Result "0-1"]
[WhiteElo "2395"]
[BlackElo "2320"]

1.d4 Nf6 2.Bg5 e6 3.e4 h6 4.Bxf6 Qxf6 5.Nf3 b6 6.Bd3 Bb7 7.O-O g6 8.Nc3 Bg7
9.Qd2 O-O 10.h4 d6 11.Rad1 Nd7 12.Bc4 Qe7 13.Rfe1 Rad8 14.Qf4 a6 15.a4 c6
16.Qg3 b5 17.axb5 axb5 18.Bd3 b4 19.Na2 c5 20.c3 Ra8 21.Nc1 Rfc8 22.cxb4 cxd4
23.Nb3 Be5 24.Qh3 Nb6 25.Nbxd4 Nc4 26.Re2 Bg7 27.h5 g5 28.b3 Ne5 29.Nxe5 dxe5
30.Nf3 Rd8 31.b5 Qb4 32.Red2 Rd6 33.Bc4 Rxd2 34.Nxd2 Rd8 35.Qe3 Bf8 36.Qe2 Qd6
37.b4 Qd4 38.Bb3 Qb2 39.Kf1 Be7 40.Nc4 Qxb3  0-1

[Event "Roses"]
[Site "Roses"]
[Date "1992.??.??"]
[Round "7"]
[White "Pomes Marcet, Juan"]
[Black "Suba, Mihai"]
[Result "1-0"]
[WhiteElo "2395"]
[BlackElo "2520"]

1.d4 Nf6 2.Bg5 e6 3.e4 h6 4.Bxf6 Qxf6 5.Nf3 d6 6.Nc3 Nd7 7.Qd2 a6 8.a4 c5
9.dxc5 Nxc5 10.Qe3 Be7 11.Bc4 O-O 12.O-O b6 13.Nd4 Bb7 14.f4 Rac8 15.Ba2 Kh8
16.Rae1 Qh4 17.Rf3 Bf6 18.Rg3 Rfe8 19.Nf3 Qh5 20.Rh3 Qg6 21.e5 dxe5 22.fxe5 Be7
23.Bb1 Red8 24.b4 a5 25.bxa5 bxa5 26.Rg3 Qh5 27.Ne2 Ne4 28.Rh3 Qg4 29.c3 Ng5
30.Rg3 Nxf3+ 31.gxf3 Bc5 32.fxg4 Bxe3+ 33.Rxe3 Rc4 34.Nd4 Rxa4 35.Be4 Bxe4
36.Rxe4 Kh7 37.Rf1 Rd7 38.Ref4 Rc7 39.R1f3 Kg6 40.h4 Ra1+ 41.Kg2 a4 42.h5+ Kg5
43.Re4  1-0

[Event "SLO-chT"]
[Site "SLO"]
[Date "1992.??.??"]
[Round "?"]
[White "Lacic, M."]
[Black "Maslesa, Branko"]
[Result "1/2-1/2"]
[WhiteElo "2150"]
[BlackElo "2280"]

1.d4 Nf6 2.Bg5 e6 3.Nd2 d5 4.e3 Be7 5.f4 c5 6.c3 Nfd7 7.Bxe7 Qxe7 8.Qg4 O-O
9.Qg3 Nc6 10.Bd3 f6 11.Qh4 g6 12.Ngf3 e5 13.dxe5 fxe5 14.Qxe7 Nxe7 15.Nxe5 Nxe5
16.fxe5 Nc6 17.Nf3 Re8 18.Bb5 a6 19.Bxc6 bxc6 20.h3 Bf5  1/2-1/2